Which City in Northern Brazil? - Statistics

General Stats
  • This quiz has been taken 9 times
  • The average score is 8 of 12
Answer Stats
Description Letter City % Correct
Portuguese translation of the name "Bethlehem" B Belém
100%
Largest city in the Amazon rainforest, located at the end of the Rio Negro M Manaus
100%
Only Brazilian state capital located entirely north of the equator B Boa Vista
67%
Nicknamed the "Heart of Rondônia" J Ji-{Paraná}
67%
State capital of Rondônia, with a name meaning "Old Port" P Porto Velho
67%
State capital of Acre R Rio Branco
67%
City in Acre named after the Southern Cross constellation C {Cruzeiro} do Sul
56%
State capital of Amapá—directly crossed by the equator M Macapá
56%
State capital of Tocantins P Palmas
56%
Second largest city in Amapá (hint: St. Anne) S Santana
56%
Located at the confluence of the Amazon and Tapajós rivers S Santarém
56%
Second largest city in Tocantins A Araguaína
33%
No matching quizzes found
Score Distribution
Percent of People with Each Score
Percentile by Number Answered
Your Score History
You have not taken this quiz